The Alchemy - Taylor Swift (All Lyrics) - Statistics

General Stats
  • This quiz has been taken 919 times
    905 since last reset
  • The average score is 316 of 361
Answer Stats
Lyrics % Correct
a
100%
The
100%
the
100%
E"
99%
I
99%
alchemy?
98%
alchemy
98%
to
98%
an
97%
He
97%
me
97%
on
97%
we
97%
be
96%
who
96%
you
96%
you,
96%
and
95%
are
95%
down
95%
in
95%
This
95%
this
95%
touch
95%
Touch
95%
it's
94%
"It's
94%
when
94%
where
94%
fight
93%
I'm
93%
your
93%
But
92%
but
92%
ever
92%
for
92%
from
91%
team
91%
that
91%
That
91%
Call
90%
come
90%
one
90%
Said
90%
said
90%
so
90%
So
90%
was
90%
heart
89%
like
89%
cut
88%
every
88%
happens
88%
lifetimes
88%
time
88%
with
88%
'Cause
87%
'cause
87%
few
87%
if
87%
reserved
87%
still
87%
once
86%
over
86%
sign
86%
These
86%
What
86%
what
86%
amateurs
85%
back?
85%
back
85%
'em
85%
heroin,
85%
hit
85%
told
85%
Baby,
84%
just
84%
had
83%
trophy?
83%
chemicals
82%
Honestly,
82%
long
82%
we're
82%
Where's
82%
hospital
81%
runnin'
81%
comes
80%
coming
80%
jokes
80%
wine
79%
crown
78%
haven't
78%
no
78%
white
78%
Worst
78%
drag
77%
sleep
77%
around
76%
strong
76%
beat
75%
belong
75%
Ditch
75%
get
75%
league
75%
map
75%
There
75%
greatest
74%
their
74%
they
74%
circled
73%
Hey,
73%
Is
73%
been
72%
cool?
72%
heads
72%
my
72%
up
72%
school
71%
trying
71%
winning
71%
chance
69%
lift
69%
off
68%
streak
68%
Beer
67%
clowns,
67%
friends
67%
play
67%
under
64%
We've
64%
floor,
63%
child's
62%
rule
62%
Shirts
62%
stickin'
61%
benches
60%
forgiven
59%
making
56%
comeback
54%
cheers
53%
warm
52%
blokes
50%
chanted
32%
No matching quizzes found
Score Distribution
Percent of People with Each Score
Percentile by Number Answered
Your Score History
You have not taken this quiz since the last reset